Strengthening responses to child trafficking and modern slavery : a pilot project to support foster carers looking after Albanian and Vietnamese unaccompanied children /

Bibliographic Details
Corporate Author: International Organization for Migration (IOM)
Format: Book
Language:English
Published: Switzerland : International Organization for Migration, 2019.
Subjects:
Online Access:Full text available on IOM Publications
Classic Catalogue: View this record in Classic Catalogue
LEADER 01725nam a22003017a 4500
001 45174
003 BD-DhAAL
005 20251224215535.0
008 251224t2019 sz a|||| |||| 00| 0 eng d
040 |a BD-DhAAL  |d BD-DhAAL 
082 |a 364.1551  |2 23 
245 |a Strengthening responses to child trafficking and modern slavery :  |b a pilot project to support foster carers looking after Albanian and Vietnamese unaccompanied children / 
260 |a Switzerland :  |b International Organization for Migration,  |c 2019. 
300 |a vi, 29 pages :  |b illustrations ;  |c 30 cm 
500 |a CHILD TRAFFICKING PROTECTION FUND PROJECT EVALUATION REPORT 
504 |a Includes bibliographical references  
541 |a Donated by K. Shamsuddin Mahmood (Professor and Dean School of Law) BRAC University  |e 45174 
650 |a Child trafficking  |x Prevention.  |9 59999 
650 |a Human trafficking  |x Prevention. 
650 |a Child trafficking  |x Social aspects.  |9 60000 
650 |a Child trafficking  |x Law and legislation  |z Vietnam  |9 60001 
650 |a Children  |x Crimes against  |z Vietnam.  |9 60002 
710 |a International Organization for Migration (IOM).  |9 60003 
852 1 |a Ayesha Abed Library 
856 |z Full text available on IOM Publications  |u https://publications.iom.int/system/files/pdf/child_trafficking_modern_slavery.pdf 
942 |2 ddc  |c BK 
999 |c 47684  |d 47684 
952 |0 0  |1 0  |2 ddc  |4 0  |6 364_155100000000000_STR  |7 0  |8 RPT  |9 78645  |a BRACUL  |b BRACUL  |c REF  |d 2025-12-24  |e Donated by K. Shamsuddin Mahmood (Professor and Dean School of Law) BRAC University  |l 0  |o 364.1551 STR  |p 3010045174  |r 2025-12-24  |t 1  |w 2025-12-24  |y BK  |x Donated copy received from K. Shamsuddin Mahmood (Professor and Dean School of Law) BRAC University on 8 December 2025;